Statistics for Страны где больше всего городов миллионников

Click here to take the quiz!

General Stats

  • This quiz has been taken 715 times
  • The average score is 14 of 20

Answer Stats

СтранаКоличество мегаполисов% Correct
Китай53-199
100%
Россия16
99%
США10
99%
Индия54
97%
Бразилия17
91%
Япония12
90%
Мексика10
82%
Индонезия14
73%
Египет4
70%
Республика Корея10
70%
Австралия5
69%
Турция7
67%
Пакистан9
66%
ЮАР5
65%
Бангладеш5
65%
Нигерия11
64%
Иран8
61%
Ирак8
48%
Филиппины4
37%
Колумбия5
34%

Score Distribution

Percentile by Number Answered

Percent of People with Each Score

Your Score History

You have not taken this quiz